00753nam a2200193 i 4500999001500000008004100015015001500056020001500071040000800086082002000094110003600114245010400150260008300254300003300337504004100370650003000411942000700441952011100448 c3050d3050770922s1974 enka b 000 0 eng  aGB76-27687 a0853344523 aDLC00a628.1683 bI6482 aInstitute of Petroleum, London.10aMarine pollution by oil :bcharacterization of pollutants, sampling, analysis, and interpretation / aBarking :bApplied Science Publishers [for] the Institute of Petroleum,c1974. aix, 198 p. :bill. ;c23 cm. aIncludes bibliographical references. 0aOil pollution of the sea. cBK 00102ddc406628_168300000000000_I6487097964aCLbCLd1979-10-16o628.1683 I648p05132r2020-03-19yBK